000 00796nam a2200241Ia 4500
008
020 _a094668829X (pbk.).
049 _aMAIN
049 _aMAIN
090 _aT174.3
100 1 _aBuatsi, Sosthenes.
245 1 0 _aTechnology transfer :
_bnine case studies /
_cSosthenes Buatsi.
260 _aLondon :
_bIT Publications in association with UNESCO,
_c1988.
300 _axii, 81 p. :
_bill. ;
_c21 cm.
650 0 _aAppropriate technology
_zDeveloping countries.
650 0 _aEconomic development projects
_zDeveloping countries.
650 0 _aIndustrial development projects
_zDeveloping countries.
907 _a.b10168229
_b09-01-06
_c18-07-05
003
005 20230123134034.0
040 _cNUST
942 _cBOOKS
_kT174.3
999 _c158948
_d158948